000
00294nam a22001337a 4500
008
181009b xxu||||| |||| 00| 0 eng d
020
_a
0735709181
041
_a
eng
080
_a
710
100
_a
44
101
_a
ART
245
_a
Digital Texturing & Painting
_c
Demers,O
942
_2
udc
_c
BK
999
_c
49166
_d
49166